Library Banner

ریشمی رومال تحریک (Record no. 71059)

MARC details
000 -LEADER
fixed length control field 00438nam a22001457a 4500
005 - DATE AND TIME OF LATEST TRANSACTION
control field 20150513103756.0
008 - FIXED-LENGTH DATA ELEMENTS--GENERAL INFORMATION
fixed length control field 150513b xxu||||| |||| 00| 0 eng d
040 ## - CATALOGING SOURCE
Transcribing agency PK-LaUMT
082 ## - DEWEY DECIMAL CLASSIFICATION NUMBER
Classification number KHC 954.035
Item number ZUB-R
100 ## - MAIN ENTRY--PERSONAL NAME
Personal name زبیدہ احمد فردوسی
245 ## - TITLE STATEMENT
Title ریشمی رومال تحریک
Remainder of title ایک تجزیہ
Statement of responsibility, etc زبیدہ احمد فردوسی
260 ## - PUBLICATION, DISTRIBUTION, ETC. (IMPRINT)
Place of publication, distribution, etc لاہور
Name of publisher, distributor, etc نگارشات
Date of publication, distribution, etc 1988
300 ## - PHYSICAL DESCRIPTION
Extent 90 ص
942 ## - ADDED ENTRY ELEMENTS (KOHA)
Koha item type Books
Holdings
Withdrawn status Lost status Damaged status Home library Current library Date acquired Full call number Barcode Date last seen Price effective from Koha item type
      UMT Main Campus UMT Main Campus 2015-05-13 KHC 954.035 ZUB-R 73863 2015-05-13 2015-05-13 Books